The origins of English individualism : the family, property and social transition

Αποθηκεύτηκε σε:
Λεπτομέρειες βιβλιογραφικής εγγραφής
Κύριος συγγραφέας: Macfarlane, Alan
Μορφή: Βιβλίο
Γλώσσα:English
Δημοσίευση: Oxford : Basil Blackwell, 1989
Θέματα:
Ετικέτες: Προσθήκη ετικέτας
Δεν υπάρχουν, Καταχωρήστε ετικέτα πρώτοι!

MARC

LEADER 00000nam a2200000 i 4500
001 1/61687
008 930914s1989 eng d
020 |a 0-631-12761-5 
035 |a ΛΕΣΒΟΣb10000902  |l 10000902 
040 |a GR-MY-UA  |b gre  |e aacr 
041 0 |a eng 
082 0 |a 301.2942 
100 1 |a Macfarlane, Alan. 
245 1 4 |a The origins of English individualism :  |b the family, property and social transition /  |c Alan Macfarlane 
260 |a Oxford :   |b Basil Blackwell,   |c 1989 
300 |a 216 p. 
500 |a Includes index 
651 0 |a England  |x Social conditions. 
852 |a INST  |b LESVOS  |e 19930914  |h 301.2942 MAC  |p 005100010097  |q 005100010097  |t BK  |y 0 
909 |a Λ  |b 027167